Samagra Sri Datta Darshan (Record no. 347398)
[ view plain ]
| 000 -LEADER | |
|---|---|
| fixed length control field | 004910000a22002170004500 |
| 005 - DATE AND TIME OF LATEST TRANSACTION | |
| control field | 20120302055053.0 |
| 040 ## - CATALOGING SOURCE | |
| Original cataloging agency | MAR |
| 100 ## - MAIN ENTRY--PERSONAL NAME | |
| Personal name | Joshi,La.Ma. |
| 245 ## - TITLE STATEMENT | |
| Title | Samagra Sri Datta Darshan |
| 260 ## - PUBLICATION, DISTRIBUTION, ETC. (IMPRINT) | |
| Place of publication, distribution, etc | Mumbai:Sri Gajaanan,1981. |
| 300 ## - PHYSICAL DESCRIPTION | |
| Extent | 284p. |
| 365 ## - TRADE PRICE | |
| Price amount | 27/- |
| 650 ## - SUBJECT ADDED ENTRY--TOPICAL TERM | |
| Topical term or geographic name as entry element | Dharma |
| 650 ## - SUBJECT ADDED ENTRY--TOPICAL TERM | |
| Topical term or geographic name as entry element | Vedanta |
| 650 ## - SUBJECT ADDED ENTRY--TOPICAL TERM | |
| Topical term or geographic name as entry element | Dattavataar |
| 650 ## - SUBJECT ADDED ENTRY--TOPICAL TERM | |
| Topical term or geographic name as entry element | Saampradaayika Tatvadnyan |
| 650 ## - SUBJECT ADDED ENTRY--TOPICAL TERM | |
| Topical term or geographic name as entry element | Aachaardharma |
| 650 ## - SUBJECT ADDED ENTRY--TOPICAL TERM | |
| Topical term or geographic name as entry element | Dattakshetre |
| 650 ## - SUBJECT ADDED ENTRY--TOPICAL TERM | |
| Topical term or geographic name as entry element | Mantra-Yantra |
| 942 ## - ADDED ENTRY ELEMENTS (KOHA) | |
| Koha item type | Book |
| Withdrawn status | Lost status | Damaged status | Not for loan | Home library | Current library | Date acquired | Total Checkouts | Barcode | Date last seen | Price effective from |
|---|---|---|---|---|---|---|---|---|---|---|
| Institute For Oriental Study, Thane | Institute For Oriental Study, Thane | 12/02/2009 | IOS-7110 | 12/02/2009 | 12/02/2009 |